[Event "39th Doeberl Cup"]
[Site "Canberra AUS"]
[Date "2001.04.15"]
[Round "6"]
[White "Djuric,S"]
[Black "Johansen,D"]
[Result "1/2-1/2"]
[WhiteElo "2483"]
[BlackElo "2513"]

1.Nf3 Nf6 2.c4 c5 3.Nc3 e6 4.g3 b6 5.Bg2 Bb7 6.O-O Be7 7.Re1 d6 8.e4 a6 9.d4 cxd4
10.Nxd4 Qc7 11.Bg5 O-O 12.Bc1 Nbd7 13.h3  1/2-1/2

[Event "5th Neckar Open"]
[Site "Deizisau GER"]
[Date "2001.04.15"]
[Round "7"]
[White "Schlosser,P"]
[Black "Horvath,Jo"]
[Result "1/2-1/2"]
[WhiteElo "2493"]
[BlackElo "2551"]

1.Nf3 Nf6 2.c4 c5 3.Nc3 d5 4.cxd5 Nxd5 5.d4 Nxc3 6.bxc3 g6 7.e3 Bg7 8.Bb5+ Nd7
9.O-O O-O 10.a4 a6 11.Be2 b6 12.Ba3  1/2-1/2

[Event "5th Neckar Open"]
[Site "Deizisau GER"]
[Date "2001.04.15"]
[Round "7"]
[White "Ftacnik,L"]
[Black "Bezold,M"]
[Result "1/2-1/2"]
[WhiteElo "2618"]
[BlackElo "2510"]

1.Nf3 c5 2.c4 Nf6 3.Nc3 e6 4.g3 a6 5.Bg2 Be7 6.O-O O-O 7.b3 Nc6 8.d4 cxd4
9.Nxd4 Qc7 10.Bb2 d6 11.Rc1 Ne5 12.Qd2 Bd7 13.f4 Ng6 14.f5 Ne5 15.Bh3 Neg4
16.e3 Rae8 17.Qe2 h5 18.Bg2 exf5 19.Nxf5 Bxf5 20.Rxf5 g6 21.Nd5 Nxd5 22.Rxd5 Bf6
23.Bxf6 Nxf6 24.Rd4 Ng4 25.Rc3 b5 26.Qd2 b4 27.Rc1 Nxe3 28.Rxd6 Qc5 29.Rc6 Nxc4+
30.Rxc5 Nxd2 31.Rc6 Ne4 32.R1c4 Nc3 33.Rxb4 a5 34.Rb7 Nxa2 35.Bd5 Kg7 36.Rcc7 Re1+
37.Kf2 Re5 38.Rxf7+ Rxf7+ 39.Rxf7+ Kh6 40.Bc4 Nc3 41.Ra7 Nd1+ 42.Kf3 Ne3
43.Bg8 g5 44.Rh7+ Kg6 45.Rd7 Ng4 46.Bf7+ Kf6 47.Bxh5 Nxh2+ 48.Kg2 g4 49.Kxh2  1/2-1/2

[Event "Open"]
[Site "Dubai UAE"]
[Date "2001.04.16"]
[Round "2"]
[White "Tahirov,F"]
[Black "Magerramov,E"]
[Result "0-1"]
[WhiteElo "2406"]
[BlackElo "2556"]

1.Nf3 c5 2.c4 Nf6 3.Nc3 e6 4.g3 Nc6 5.Bg2 d5 6.cxd5 Nxd5 7.O-O Be7 8.d4 O-O
9.e4 Nb6 10.dxc5 Qxd1 11.Rxd1 Bxc5 12.Bf4 f6 13.Rac1 e5 14.Nb5 exf4 15.Rxc5 fxg3
16.hxg3 Bg4 17.Rd2 Rfd8 18.Nd6 Rab8 19.a3 Rd7 20.Nc4 Rbd8 21.Rxd7 Nxd7 22.Rd5 Be6
23.Nd6 Bxd5 24.exd5 Nce5 25.Nd4 Nc5 26.b4 Rxd6 27.bxc5 Rd7 28.Nb5 a6 29.Bh3 axb5
30.f4 Rc7 31.fxe5 fxe5 32.d6 Rxc5 33.d7 Rc1+  0-1

[Event "5th GM"]
[Site "Rijeka HUN"]
[Date "2001.04.19"]
[Round "2"]
[White "Bistric,F"]
[Black "Mandekic,I"]
[Result "1-0"]
[WhiteElo "2454"]
[BlackElo "2285"]

1.Nf3 c5 2.c4 Nf6 3.Nc3 e6 4.d4 cxd4 5.Nxd4 a6 6.e4 d6 7.Bd3 Bd7 8.f4 Nc6
9.Nf3 Nb4 10.Bb1 Qc7 11.Qe2 Be7 12.Bd2 Rc8 13.a3 Nc6 14.b4 Na7 15.e5 Ng4
16.Bd3 dxe5 17.Ng5 f5 18.h3 Nh6 19.fxe5 Nc6 20.Qh5+ Kf8 21.O-O Nxe5 22.Rae1 Bxg5
23.Bxg5 Nhf7 24.Bxf5 exf5 25.Be7+ Kg8 26.Nd5 Qxc4 27.Nf6+ gxf6 28.Bxf6 Re8
29.Re3 Ng6 30.Rg3 Kf8 31.Bxh8 Nfxh8 32.Qxh7 Qd4+ 33.Kh1 Qg7 34.Qh5 Bb5 35.Rd1 Nf7
36.Qxf5 Qe5 37.Qxg6  1-0

[Event "It"]
[Site "Podlehnik SLO"]
[Date "2001.04.24"]
[Round "1"]
[White "Polajzer,D"]
[Black "Mikhalchishin,A"]
[Result "1/2-1/2"]
[WhiteElo "2425"]
[BlackElo "2524"]

1.Nf3 Nf6 2.c4 c5 3.Nc3 g6 4.g3 Bg7 5.d4 cxd4 6.Nxd4 d5 7.cxd5 Nxd5 8.Bg2 Nxc3
9.bxc3 Qa5 10.Bd2 O-O 11.O-O Rd8 12.Qc2 Qa6 13.Bg5 Nc6 14.Nxc6 bxc6 15.Rfd1 Bg4
16.Rxd8+ Rxd8 17.Rd1 Rxd1+ 18.Qxd1 Qxe2 19.Qxe2 Bxe2  1/2-1/2

[Event "Open"]
[Site "Dubai UAE"]
[Date "2001.04.25"]
[Round "9"]
[White "Alibaev,A"]
[Black "Othman,A"]
[Result "1-0"]
[WhiteElo "2287"]
[BlackElo "2386"]

1.c4 Nf6 2.Nc3 c5 3.Nf3 e6 4.g3 b6 5.Bg2 Bb7 6.O-O d6 7.d4 cxd4 8.Qxd4 Be7
9.Rd1 a6 10.Bg5 Nbd7 11.Rac1 Rc8 12.b3 Qc7 13.Bxf6 Nxf6 14.Qd3 O-O 15.Nd4 Bxg2
16.Kxg2 Rfd8 17.e4 Qb7 18.f3 Nd7 19.Qe2 Bf8 20.h4 Ne5 21.f4 Nc6 22.Nc2 Na7
23.a4 Rc7 24.Nd4 Nc6 25.Qf3 Nxd4 26.Rxd4 Rdc8 27.Rcd1 g6 28.R4d3 Rc5 29.Kh2 Qc7
30.g4 Rc6 31.f5 d5+ 32.Kg2 dxe4 33.Nxe4 exf5 34.gxf5 Qe5 35.Rd5 Qg7 36.f6 Qh6
37.h5 Re8 38.hxg6 Rxe4 39.gxf7+ Kh8 40.Qxe4 Rxf6 41.R1d3 Rg6+ 42.Rg3 Rxg3+
43.Kxg3 Bd6+ 44.Kg4 Qg7+ 45.Rg5 h5+ 46.Kh4 Qxf7 47.Qd4+  1-0

[Event "Zone 3.2b (Oceana)"]
[Site "Gold Coast AUS"]
[Date "2001.04.26"]
[Round "8"]
[White "Wastney,S"]
[Black "Tindall,B"]
[Result "1-0"]
[WhiteElo "2276"]
[BlackElo "2225"]

1.Nf3 c5 2.c4 Nf6 3.Nc3 e6 4.g3 Nc6 5.Bg2 d5 6.cxd5 exd5 7.d4 Be6 8.O-O a6
9.Bg5 Be7 10.dxc5 h6 11.Be3 Ng4 12.Bd4 Nxd4 13.Nxd4 Bd7 14.Nb3 Nf6 15.Nxd5 Nxd5
16.Qxd5 Rb8 17.Rfd1 Qc7 18.Rac1 Be6 19.Qd2 O-O 20.Nd4 Bg4 21.h3 Bd7 22.b4 Rfd8
23.Qc2 g6 24.e3 Bf6 25.Qb3 Qe5 26.Nf3 Qe7 27.a4 Qe8 28.b5 axb5 29.axb5 Bxb5
30.Rxd8 Rxd8 31.Nd4 Bxd4 32.exd4 Bc6 33.d5 Bb5 34.Rb1 Ba6 35.d6 Rc8 36.Qb6 Bd3
37.Rc1 Ba6 38.Bxb7 Bxb7 39.Qxb7 Rb8 40.d7 Qd8 41.Qd5 Kf8 42.c6 Qc7 43.Re1 Qb6
44.Qd6+ Kg7 45.c7  1-0

[Event "Astral Open"]
[Site "Bucharest ROM"]
[Date "2001.04.27"]
[Round "7"]
[White "Sofronie,I"]
[Black "Cosma,I"]
[Result "0-1"]
[WhiteElo "2405"]
[BlackElo "2467"]

1.c4 Nf6 2.Nc3 c5 3.Nf3 e6 4.g3 b6 5.Bg2 Bb7 6.O-O a6 7.Re1 Be7 8.e4 d6 9.d4 cxd4
10.Nxd4 Qc7 11.Be3 O-O 12.Rc1 Re8 13.f4 Bf8 14.g4 Nfd7 15.Nde2 Nc6 16.Ng3 Rac8
17.g5 Qb8 18.b3 g6 19.Qd2 Nc5 20.Nh1 b5 21.cxb5 axb5 22.Nxb5 Ba6 23.Nd4 Nb4
24.Nf2 e5 25.Ne2 Nbd3 26.Nxd3 Nxd3 27.Rxc8 Rxc8 28.Rd1 d5 29.exd5 Bb4 30.Qxd3 Bxd3
31.Rxd3 Qb5 32.Be4 exf4 33.Bxf4 Re8  0-1

[Event "Zone 3.2a"]
[Site "Manila PHI"]
[Date "2001.04.27"]
[Round "5"]
[White "Laylo,D"]
[Black "Sharavdorj,D"]
[Result "0-1"]
[WhiteElo "2383"]
[BlackElo "2441"]

1.c4 e6 2.Nc3 c5 3.Nf3 Nf6 4.e3 d5 5.d4 cxd4 6.exd4 Bb4 7.Qb3 Nc6 8.Bg5 dxc4
9.Bxc4 Be7 10.Rd1 O-O 11.Bd3 Nd5 12.Bxe7 Ncxe7 13.O-O b6 14.Qc2 h6 15.Qd2 Bb7
16.Ne5 Rc8 17.Ne2 Nf6 18.b3 Qd6 19.Bb1 Rfd8 20.Rfe1 Rc7 21.Qe3 Rdc8 22.Qg3 Be4
23.Bxe4 Nxe4 24.Qf3 Nf6 25.h4 Nf5 26.Qh3 h5 27.Nc4 Qb4 28.a3 Qf8 29.a4 Qb4
30.Kf1 Nd5 31.Qf3 a6 32.Rd3 g6 33.g3 b5 34.axb5 axb5 35.Ne5 Rc2 36.Red1 Ra8
37.Nf4 Raa2 38.Nh3 Kg7 39.g4 hxg4 40.Nxg4 Nxh4 41.Qg3 Qe7 42.Re1 Nf5 43.Qe5+ f6
44.Qb8 Nd6 45.Ne3 Nb4 46.Rdd1 Rc8 47.Qb6 Ra6 48.Nd5 Qd7 49.Nhf4 exd5  0-1

[Event "4th Open"]
[Site "Tanta City EGY"]
[Date "2001.04.27"]
[Round "9"]
[White "El Ghazali,Y"]
[Black "Sidorova,E"]
[Result "1-0"]
[WhiteElo "2343"]
[BlackElo "2243"]

1.c4 c5 2.Nc3 Nf6 3.Nf3 e6 4.d4 cxd4 5.Nxd4 b6 6.Ndb5 Bb7 7.Bf4 Na6 8.Nd6+ Bxd6
9.Bxd6 Ng8 10.Qd4 f6 11.e4 Ne7 12.Rd1 O-O 13.Be2 Rf7 14.O-O Nc8 15.Ba3 Qc7
16.f4 Nc5 17.e5 Bc6 18.b4 Na4 19.Ne4 Qb7 20.Bf3 fxe5 21.fxe5 b5 22.c5 Rf5
23.Bc1 Qc7 24.g4 Rf8 25.Bg5 a5 26.Bg2 Na7 27.Be7 Rxf1+ 28.Rxf1 Bd5 29.Nf6+ gxf6
30.exf6 Kf7 31.Bxd5 Rg8 32.Qe4 Rg6 33.Qf3 Nc3 34.Bd6 Qd8 35.Qxc3 exd5 36.Qe5 Rxg4+
37.Kh1 Qe8 38.Qe7+  1-0

[Event "Match"]
[Site "Podlehnik SLO"]
[Date "2001.04.28"]
[Round "1"]
[White "Todorovic,V"]
[Black "Licina,A"]
[Result "1/2-1/2"]
[WhiteElo "2116"]
[BlackElo "2195"]

1.Nf3 Nf6 2.c4 c5 3.Nc3 d5 4.cxd5 Nxd5 5.e3 Nxc3 6.bxc3 g6 7.Bb5+ Bd7 8.Qb3 Qb6
9.Rb1 Bxb5 10.Ne5 f6 11.Qf7+ Kd8 12.Qd5+ Ke8 13.Qf7+ Kd8 14.Qd5+  1/2-1/2

[Event "2nd ch-EUR Women"]
[Site "Warsaw POL"]
[Date "2001.04.30"]
[Round "8"]
[White "Prudnikova,S"]
[Black "Sikorova,O"]
[Result "1-0"]
[WhiteElo "2419"]
[BlackElo "2236"]

1.Nf3 Nf6 2.c4 c5 3.Nc3 g6 4.d4 cxd4 5.Nxd4 Bg7 6.e4 Nc6 7.Be3 Ng4 8.Qxg4 Nxd4
9.Qd1 e5 10.Nb5 O-O 11.Qd2 Qe7 12.Be2 a6 13.Nxd4 exd4 14.Bxd4 Qxe4 15.Bxg7 Kxg7
16.O-O Rb8 17.Qd6 Ra8 18.Rfe1 Qc6 19.Rad1 Re8 20.c5 Qxd6 21.cxd6 Rb8 22.Bf3 Re6
23.Bg4 Rxe1+ 24.Rxe1 Kf8 25.a4 b5 26.a5 h5 27.Bf3 Bb7 28.Re7 Rc8 29.Kf1 Bxf3
30.gxf3 Rc6 31.Rxd7 Ke8 32.Re7+ Kf8 33.Rb7 Rxd6 34.Ke2 Ke8 35.Ke3 Kf8 36.f4 Ke8
37.h4 Rc6 38.Ke4 Rc4+ 39.Ke5 Ra4 40.b3 Rb4 41.Ra7 Rxb3 42.Rxa6 b4 43.Rb6 Ra3
44.a6 b3 45.Kd6 f6 46.Kc7 g5 47.fxg5 fxg5 48.Kb7 gxh4 49.a7  1-0

[Event "ch-NED semi-finals"]
[Site "Leeuwarden NED"]
[Date "2001.05.05"]
[Round "2.1"]
[White "Janssen,R"]
[Black "Grooten,H"]
[Result "1/2-1/2"]
[WhiteElo "2429"]
[BlackElo "2367"]

1.Nf3 Nf6 2.c4 c5 3.Nc3 g6 4.e4 Bg7 5.d4 cxd4 6.Nxd4 O-O 7.Be2 d6 8.O-O Nbd7
9.Be3 Nc5 10.f3 a6 11.Rc1 Bd7 12.b4 Ne6 13.Nb3 b6 14.Nd5 Rb8 15.Qd2 Ba4 16.Nc3 Bxb3
17.axb3 a5 18.Nd5 axb4 19.Nxb4 Ra8 20.e5 dxe5 21.Qxd8 Rfxd8 22.Bxb6 Rdb8
23.c5 Bh6 24.Na6 Bxc1 25.Rxc1 Nd7 26.Nxb8 Rxb8 27.Bc4 Nd4 28.Re1 Nxb6 29.cxb6 Rxb6
30.Rxe5 e6 31.Re3 Kf8 32.Kf2 Ke7 33.f4 h5 34.Rd3 Nf5 35.Rc3 Rb4 36.g3 Kf6
37.Kf3 g5 38.Rd3 g4+ 39.Ke4 Ke7 40.Rd2 Rb8 41.Kd3 h4 42.Rg2 Rd8+ 43.Kc3 h3
44.Rf2 Rd1 45.Bd3 Ne3 46.f5 Rg1 47.Kd4 Nxf5+ 48.Bxf5 exf5 49.Ke5 Rg2 50.Rf1 Rxh2
51.Kxf5 Rg2 52.Kxg4 h2 53.Rh1 Rb2  1/2-1/2

[Event "Golden Cleopatra Open"]
[Site "Cairo EGY"]
[Date "2001.05.06"]
[Round "5"]
[White "Sulava,N"]
[Black "Kasparov,S"]
[Result "1/2-1/2"]
[WhiteElo "2526"]
[BlackElo "2456"]

1.Nf3 c5 2.c4 Nf6 3.Nc3 e6 4.g3 b6 5.Bg2 Bb7 6.O-O Be7 7.d4 cxd4 8.Qxd4 d6
9.Bg5 a6 10.Bxf6 Bxf6 11.Qd3 Be7 12.Rad1 Ra7 13.Ne4 Bxe4 14.Qxe4 O-O 15.Nd4 Qc8
16.b3 Qc5 17.a4 Rd8 18.e3 Bf6 19.h4 Qe5 20.Qb1 Qc5 21.Be4 g6 22.Kg2 Re7 23.Bf3 h5
24.Rd2 Kg7 25.Rfd1 Qc7 26.Kh1 Ree8 27.Bg2 Qc5 28.Rd3 Qc7 29.R1d2 Rd7 30.Qd1 Red8
31.f4 Qc5 32.Kh2 Qc7 33.Qf3 Qc5 34.Qd1 Qc7 35.Bh3 Bxd4 36.exd4 d5 37.cxd5 Rxd5
38.Bg2 R5d6 39.d5  1/2-1/2

[Event "54th ch-RUS"]
[Site "Elista RUS"]
[Date "2001.05.06"]
[Round "6"]
[White "Pigusov,E"]
[Black "Dvoirys,S"]
[Result "1/2-1/2"]
[WhiteElo "2584"]
[BlackElo "2568"]

1.Nf3 Nf6 2.c4 c5 3.Nc3 e6 4.g3 b6 5.Bg2 Bb7 6.O-O Be7 7.b3 O-O 8.Bb2 Nc6
9.e3 d5 10.cxd5 exd5 11.d4 Re8 12.Rc1 Bf8 13.Re1 Rc8 14.Ne2 Ne4 15.Nf4 Ne7
16.dxc5 bxc5 17.Nd2 Ng5 18.e4 dxe4 19.Nxe4 Nxe4 20.Bxe4 Bxe4 21.Rxe4 Nf5
22.Rxe8 Qxe8 23.Qd5 Ne7 24.Qe4 Qd7 25.Qd3 Qb7 26.Rc4 Ng6 27.Qd5 Qe7 28.Nxg6 hxg6
29.Re4 Qc7 30.Be5 Qc6 31.Qxc6 Rxc6 32.Bf4 f6 33.Re8 Kf7 34.Rb8 a6 35.Ra8 g5
36.Be3 g4 37.Kg2 f5 38.h3 gxh3+ 39.Kxh3 Be7 40.Kg2 Ke6  1/2-1/2

[Event "65th ch-BUL"]
[Site "Tsarevo BUL"]
[Date "2001.05.11"]
[Round "1"]
[White "Pantaleev,P"]
[Black "Manolov,I"]
[Result "0-1"]
[WhiteElo "2226"]
[BlackElo "2377"]

1.Nf3 Nf6 2.c4 c5 3.Nc3 g6 4.d4 cxd4 5.Nxd4 Bg7 6.e4 O-O 7.Be2 d6 8.Be3 Nc6
9.O-O Bd7 10.Qd2 Rc8 11.f3 a6 12.Rac1 Nxd4 13.Bxd4 Be6 14.b3 Nd7 15.Be3 a5
16.Nd5 Nc5 17.Rb1 Bxd5 18.Qxd5 Qc7 19.Rfc1 Qc6 20.a3 e5 21.Rd1 Rfd8 22.Qd2 Ra8
23.b4 axb4 24.axb4 Ne6 25.Qb2 Nd4 26.Bf1 Ra4 27.Ra1 Rda8 28.Rxa4 Qxa4 29.Rd2 Qa3
30.Kf2 b6 31.Qxa3 Rxa3 32.Rb2 h5 33.Bg5 f6 34.Be3 Kh7 35.Bxd4 exd4 36.Rd2 Bh6
37.Rd3 Be3+ 38.Kg3 Ra2 39.h4 g5 40.hxg5 fxg5 41.Rd1 Kg7 42.Kh3 Kf6 43.e5+ Kxe5
44.Bd3 Kf4 45.Be4 g4+ 46.Kh2 h4 47.Bb1 Rb2 48.fxg4 Kxg4 49.b5 h3 50.Be4 hxg2
51.Bxg2 Rc2 52.Rf1 Bf4+ 53.Kg1 Rxc4 54.Be4 Rb4 55.Rb1 Ra4 56.Rb3 Be3+ 57.Kf1 Kf4
58.Bd5 Ke5 59.Bf3 Ra2 60.Ke1 Bd2+ 61.Ke2 Bc3+ 62.Kd3 d5  0-1

[Event "ch-LTU"]
[Site "Kaunas LTU"]
[Date "2001.05.13"]
[Round "4"]
[White "Zagorskis,D"]
[Black "Butnorius,A"]
[Result "1/2-1/2"]
[WhiteElo "2467"]
[BlackElo "2435"]

1.c4 e6 2.Nc3 c5 3.Nf3 Nf6 4.g3 b6 5.Bg2 Bb7 6.O-O Be7 7.d4 cxd4 8.Qxd4 d6
9.Bg5 a6 10.Bxf6 Bxf6 11.Qf4 Ra7 12.Rad1 Be7 13.Ne4 Bxe4 14.Qxe4 Rd7 15.b3 O-O
16.Nd4 Re8 17.Rd2 Bf8 18.Rfd1 Qc7 19.e3  1/2-1/2

[Event "65th ch-BUL"]
[Site "Tsarevo BUL"]
[Date "2001.05.13"]
[Round "3"]
[White "Delchev,A"]
[Black "Genov,Peta"]
[Result "1-0"]
[WhiteElo "2584"]
[BlackElo "2447"]

1.c4 c5 2.Nf3 Nf6 3.Nc3 g6 4.d4 cxd4 5.Nxd4 Bg7 6.e4 d6 7.Be2 Nc6 8.Be3 O-O
9.O-O Bd7 10.Qd2 Rc8 11.f3 a6 12.Rfd1 Re8 13.Rac1 Nxd4 14.Bxd4 Be6 15.b3 Nd7
16.Bxg7 Kxg7 17.f4 Qa5 18.Qb2 Kg8 19.Kh1 Nf6 20.Rf1 Bg4 21.Bd3 Bd7 22.Rce1 Qh5
23.Be2 Qc5 24.b4 Qc7 25.Rc1 Be6 26.f5 Bd7 27.fxg6 hxg6 28.Rxf6 exf6 29.Nd5 Qd8
30.Nxf6+ Kf8 31.Nh7+ Kg8 32.Nf6+ Kf8 33.Nxe8 Qxe8 34.Qh8+ Ke7 35.Qh4+ Kf8
36.Qh8+ Ke7 37.Qd4 Be6 38.Rf1 Qc6 39.Qf6+ Ke8 40.e5 dxe5 41.Qxe5 Rd8 42.Qh8+ Ke7
43.Qh4+ Ke8 44.Re1 Qd6 45.c5 Qd2 46.h3 g5 47.Qg3 Qxb4 48.Bg4 Qxc5 49.Bxe6 fxe6
50.Rxe6+ Kf7 51.Re1 Kg7 52.Kh2 Rd5 53.Qb8 Rd7 54.Re5 Qc1 55.Rf5 Qe3 56.Qf8+ Kh7
57.Qf6 Rg7 58.Re5 Qd4 59.Re6 Qd7 60.Qf5+ Kg8 61.Qe4 Qc7+ 62.g3 Qd7 63.Qe2 Kf8
64.Re5 Re7 65.Qf2+ Rf7 66.Qc5+ Re7 67.Rf5+ Ke8 68.Rf2 Rf7 69.Rxf7 Kxf7 70.Qxg5 Qe6
71.Qh5+ Kg7 72.Qg5+ Kf7 73.Qd2 b5 74.h4 a5 75.Qf4+ Qf6 76.Qc7+ Kg6 77.Qc2+ Qf5
78.Qc6+ Kf7 79.Kg2 b4 80.Qc4+ Ke7 81.g4 Qe5 82.g5 a4 83.Qxb4+ Ke6 84.Qc4+ Kf5
85.Kf3 Qe7 86.Qd3+ Ke5 87.Qe2+  1-0

[Event "TCh-RUS"]
[Site "Tomsk RUS"]
[Date "2001.05.14"]
[Round "2"]
[White "Pigusov,E"]
[Black "Poluljahov,A"]
[Result "1-0"]
[WhiteElo "2584"]
[BlackElo "2502"]

1.Nf3 c5 2.c4 Nf6 3.Nc3 e6 4.g3 b6 5.Bg2 Bb7 6.O-O d6 7.b3 Nbd7 8.Bb2 Be7
9.e3 O-O 10.d4 Ne4 11.Ne2 a6 12.Qc2 Ra7 13.Nf4 Nef6 14.Rfd1 Be4 15.Qe2 Re8
16.Qf1 b5 17.dxc5 Nxc5 18.cxb5 Qa8 19.b6 Rb7 20.Nd2 Bxg2 21.Qxg2 d5 22.Bxf6 Bxf6
23.Rac1 Nd7 24.e4 Bg5 25.exd5 Bxf4 26.gxf4 Nxb6 27.dxe6 Rxe6 28.f5 Re8 29.Ne4 Reb8
30.f6 g6 31.Qg5 Rd8 32.Qh6 Rxd1+ 33.Rxd1  1-0

[Event "TCh-YUG Women"]
[Site "Herceg Novi YUG"]
[Date "2001.05.19"]
[Round "6"]
[White "Maric,A"]
[Black "Zhukova,N"]
[Result "1-0"]
[WhiteElo "2446"]
[BlackElo "2463"]

1.Nf3 Nf6 2.c4 c5 3.Nc3 e6 4.e4 Nc6 5.Be2 d5 6.exd5 exd5 7.d4 dxc4 8.d5 Na5
9.Bf4 a6 10.O-O b5 11.Re1 Bd6 12.Bxc4+ Kf8 13.Bxd6+ Qxd6 14.Bf1 Bb7 15.Ng5 Rd8
16.Qf3 Qc7 17.Rad1 h6 18.Nge4 Nxd5 19.Nxd5 Rxd5 20.Rxd5 Bxd5 21.Qf5 Bxe4
22.Qxe4 g6 23.b4 Nb7 24.bxc5 Nxc5 25.Qd4 Rg8 26.Rc1 Ne6 27.Qb4+  1-0

[Event "Open"]
[Site "Pula CRO"]
[Date "2001.05.20"]
[Round "3"]
[White "Tratar,M"]
[Black "Palac,M"]
[Result "1/2-1/2"]
[WhiteElo "2410"]
[BlackElo "2605"]

1.Nf3 Nf6 2.c4 c5 3.Nc3 d5 4.cxd5 Nxd5 5.d4 Nxc3 6.bxc3 g6 7.Bf4 Bg7 8.e3 Qa5
9.Qd2 O-O 10.Be5 Nd7 11.Bxg7 Kxg7 12.Bd3 Rd8 13.O-O Nb6 14.Rfc1 Bg4 15.Ne5 Be6
16.Qb2 Rac8 17.Be4 cxd4 18.cxd4 Rxc1+  1/2-1/2

[Event "Open"]
[Site "Pula CRO"]
[Date "2001.05.21"]
[Round "4"]
[White "Kovacevic,B"]
[Black "Vadla,Z"]
[Result "1-0"]
[WhiteElo "2443"]
[BlackElo "2252"]

1.c4 c5 2.Nf3 Nf6 3.Nc3 e6 4.g3 b6 5.Bg2 Bb7 6.O-O d6 7.b3 Nbd7 8.Bb2 Be7
9.e3 O-O 10.d4 Ne4 11.Qe2 Ndf6 12.Rfd1 Nxc3 13.Bxc3 Qc7 14.Rac1 Rfe8 15.Ne1 Bxg2
16.Nxg2 Qb7 17.d5 e5 18.e4 Nd7 19.f4 Bf6 20.f5 a6 21.h4 g6 22.Rf1 Qc7 23.Ne3 Qd8
24.Ng4 Bg7 25.Bd2 f6 26.Nh6+ Bxh6 27.Bxh6 Qe7 28.g4 Kh8 29.fxg6 hxg6 30.g5 Qh7
31.Qg4 Ra7 32.Rc3 Rg8 33.Rf2 f5 34.Qh3 b5 35.Kf1 b4 36.Rcf3 f4 37.Qe6 a5
38.Qxd6 Qf7 39.Rd2 Re8 40.Qc6 Kh7 41.Rg2 Rb8 42.Qe6 Kg8 43.h5 Rb6 44.hxg6 Qxe6
45.dxe6 Rxe6 46.Rd2 Rxg6 47.Rfd3 Nf6 48.gxf6 Rxh6 49.Rg2+ Kf8 50.Rd8+  1-0

[Event "TCh-RUS"]
[Site "Tomsk RUS"]
[Date "2001.05.21"]
[Round "8"]
[White "Labunskiy,D"]
[Black "Fominyh,A"]
[Result "1/2-1/2"]
[WhiteElo "2424"]
[BlackElo "2571"]

1.c4 c5 2.Nf3 Nf6 3.Nc3 e6 4.d4 cxd4 5.Nxd4 a6 6.g3 Qc7 7.Qd3 Nc6 8.Nxc6 Qxc6
9.e4 b6 10.Bg2 Bb7 11.O-O Rc8 12.Be3 Ng4 13.Bd4 e5 14.Be3 Nxe3  1/2-1/2

[Event "Open"]
[Site "Pula CRO"]
[Date "2001.05.22"]
[Round "5"]
[White "Tratar,M"]
[Black "Sutkovic,D"]
[Result "1-0"]
[WhiteElo "2410"]
[BlackElo "2243"]

1.Nf3 Nf6 2.c4 c5 3.Nc3 e6 4.g3 b6 5.Bg2 Bb7 6.O-O a6 7.Re1 Be7 8.e4 d6 9.d4 cxd4
10.Nxd4 Qc7 11.Be3 O-O 12.Rc1 Nbd7 13.f4 h5 14.h3 g6 15.Bf2 Rfc8 16.b3 Bf8
17.Qd2 Rab8 18.Bf3 Bh6 19.Be3 Nc5 20.f5 Bxe3+ 21.Qxe3 exf5 22.exf5 Re8 23.Qg5 Nh7
24.Qd2 d5 25.Kg2 Ne4 26.Qf4 Qxf4 27.gxf4 Nxc3 28.Rxe8+ Rxe8 29.Rxc3 Nf6 30.c5 Ne4
31.Bxe4 bxc5 32.Bf3 cxd4 33.Rd3 Rc8 34.Rxd4 Rc2+ 35.Kg3 Rxa2 36.Rb4 Bc6 37.Rb6 Rc2
38.fxg6 Rc3 39.gxf7+ Kf8 40.f5 h4+ 41.Kf4 a5 42.Rb8+ Kxf7 43.Rc8 a4 44.bxa4 Rc4+
45.Kg5 Ke7 46.f6+ Ke6 47.Bg4+ Rxg4+ 48.hxg4 Bxa4 49.Rc7  1-0

[Event "XXVI Elekes Mem GM"]
[Site "Budapest HUN"]
[Date "2001.05.23"]
[Round "3"]
[White "Horvath,Jo"]
[Black "Gustafsson,J"]
[Result "1/2-1/2"]
[WhiteElo "2551"]
[BlackElo "2535"]

1.Nf3 Nf6 2.c4 c5 3.Nc3 d5 4.cxd5 Nxd5 5.e3 Nxc3 6.bxc3 g6 7.d4 Bg7 8.Bb5+ Bd7
9.Bd3 O-O 10.O-O Nc6 11.Bb2 Rc8 12.h3  1/2-1/2

[Event "TCh-NOR Final"]
[Site "Langesund NOR"]
[Date "2001.05.24"]
[Round "2"]
[White "Johannessen,LE"]
[Black "Lie,K"]
[Result "0-1"]
[WhiteElo "2407"]
[BlackElo "2347"]

1.Nf3 Nf6 2.c4 c5 3.Nc3 g6 4.e4 Nc6 5.d4 cxd4 6.Nxd4 d6 7.Be2 Nxd4 8.Qxd4 Bg7
9.Be3 O-O 10.Qd2 Be6 11.Rc1 Qa5 12.f3 Rfc8 13.b3 Nd7 14.Nb5 Qxd2+ 15.Kxd2 a6
16.Nd4 Nf8 17.g4 Bd7 18.a4 Ne6 19.Nxe6 Bxe6 20.Rb1 b5 21.cxb5 axb5 22.Bxb5 d5
23.Rhc1 dxe4 24.Rxc8+ Rxc8 25.fxe4 Bxg4 26.Bb6 Bc3+ 27.Ke3 Bb4 28.Bc4 Rc6
29.a5 Kg7 30.Bd5 Rd6 31.a6 Rxb6 32.a7 Bc5+ 33.Kd2 Rxb3 34.a8=Q Rxb1 35.Qa2 Rd1+
36.Kc2 e6 37.Bc4 Be3 38.Qb2+ Bd4 39.Qb7 Rh1 40.Qc7 Rg1 41.Qf4 h5 42.Kd3 Bf6
43.Qc7 Rg2 44.Bb3 Rf2 45.Qb8 Rb2  0-1

[Event "TCh-NOR Final"]
[Site "Langesund NOR"]
[Date "2001.05.25"]
[Round "3"]
[White "Ostenstad,B"]
[Black "Elsness,F"]
[Result "1-0"]
[WhiteElo "2439"]
[BlackElo "2412"]

1.c4 Nf6 2.Nc3 c5 3.Nf3 e6 4.g3 b6 5.Bg2 Bb7 6.O-O a6 7.Re1 Be7 8.e4 d6 9.d4 cxd4
10.Nxd4 Qc7 11.Be3 O-O 12.Rc1 Nbd7 13.f4 h5 14.h3 Rfe8 15.Bf2 g6 16.Nd5 exd5
17.cxd5 Qd8 18.Nc6 Bxc6 19.dxc6 Nc5 20.c7 Qxc7 21.b4 Rad8 22.Qc2 Nfd7 23.Bf1 b5
24.bxc5 dxc5 25.e5 Nf8 26.a4 c4 27.axb5 axb5 28.Rb1 Rb8 29.e6 f5 30.Re5 b4
31.Qxc4 Rec8 32.Qd5 Rd8 33.Qb3 Rbc8 34.Rb5 Rb8 35.Rxb8 Qxb8 36.Ra1 Rc8 37.Ra7 Rc7
38.Ra5 Rc3 39.Qd5 Qc7 40.Ra7 Rxg3+ 41.Kh2 Qc2 42.Kxg3 Bh4+ 43.Kxh4 Qxf2+
44.Kg5 Nh7+ 45.Rxh7 Qg3+ 46.Kf6 Qh4+ 47.Kxg6 Qg3+ 48.Kxh5  1-0

[Event "Master Open"]
[Site "Lausanne SUI"]
[Date "2001.05.25"]
[Round "6"]
[White "Lalic,B"]
[Black "Genov,Peta"]
[Result "1/2-1/2"]
[WhiteElo "2501"]
[BlackElo "2447"]

1.Nf3 c5 2.c4 Nf6 3.Nc3 e6 4.g3 b6 5.Bg2 Bb7 6.O-O Be7 7.Re1 Ne4 8.d4 O-O
9.Ng5 Bxg5 10.Bxg5 Qxg5 11.Nxe4 Bxe4 12.Bxe4 Nc6 13.dxc5 Qxc5 14.Qxd7 Ne5
15.Qb5 Rad8 16.Rad1 Nxc4 17.Qxc5 bxc5 18.b3 Nb6 19.Rc1 Rc8 20.Rc2 c4 21.Bb7 Rb8
22.Ba6 cxb3 23.axb3 Nd5 24.Bc4 Nb4 25.Rd2 Rb7 26.f4 Rfb8 27.e4 Kf8 28.e5 Ke7
29.Kf2 Rd8 30.Ke2 Rxd2+ 31.Kxd2 Nc6 32.Kc3  1/2-1/2

[Event "TCh-YUG Final"]
[Site "Herceg Novi YUG"]
[Date "2001.05.26"]
[Round "1.2"]
[White "Zvjaginsev,V"]
[Black "Ftacnik,L"]
[Result "1-0"]
[WhiteElo "2627"]
[BlackElo "2618"]

1.c4 c5 2.Nf3 Nf6 3.Nc3 e6 4.e4 Nc6 5.Be2 b6 6.d4 cxd4 7.Nxd4 Bb7 8.Nxc6 dxc6
9.Qxd8+ Rxd8 10.e5 Nd7 11.Bf4 Nc5 12.Rd1 Rxd1+ 13.Kxd1 Be7 14.Kc2 Kd8 15.h4 f5
16.exf6 gxf6 17.Rd1+ Kc8 18.b4 Nd7 19.Bd6 Bxd6 20.Rxd6 Re8 21.g4 c5 22.a3 a6
23.f4 Kc7 24.Rd3 h6 25.Bf3 Bxf3 26.Rxf3 Rg8 27.Rg3 f5 28.g5 h5 29.Na4 cxb4
30.axb4 e5 31.Nc3 e4 32.Nd5+ Kd6 33.Ra3 Ra8 34.Nxb6 Nxb6 35.c5+ Kc6 36.cxb6 Re8
37.Kd2 Rd8+ 38.Ke2 Rd4 39.Ra5 Rxb4 40.Rxf5 Kxb6 41.g6  1-0

[Event "Master Open"]
[Site "Lausanne SUI"]
[Date "2001.05.26"]
[Round "7"]
[White "Shchekachev,A"]
[Black "Belotti,B"]
[Result "1-0"]
[WhiteElo "2543"]
[BlackElo "2440"]

1.Nf3 c5 2.c4 Nf6 3.Nc3 d5 4.cxd5 Nxd5 5.e4 Nxc3 6.dxc3 Qxd1+ 7.Kxd1 Nc6
8.Be3 b6 9.Bb5 Bb7 10.Kc2 O-O-O 11.Rhd1 f6 12.Nd2 Kc7 13.a3 e5 14.f3 Be7
15.b4 a6 16.Be2 cxb4 17.axb4 b5 18.Nb3 Rxd1 19.Bxd1 Nb8 20.Bc5 Bxc5 21.Nxc5 Bc8
22.Kc1 Rd8 23.Bb3 Rd6 24.Kc2 Kb6 25.Bd5 g6 26.g4 Nd7 27.Be6 a5 28.Bxd7 Bxd7
29.Rxa5 Bc8 30.Ra8  1-0

[Event "2nd IECC"]
[Site "Ohrid MKD"]
[Date "2001.06.01"]
[Round "1"]
[White "Efimov,I"]
[Black "Nielsen,PH"]
[Result "1/2-1/2"]
[WhiteElo "2480"]
[BlackElo "2585"]

1.c4 Nf6 2.Nc3 c5 3.Nf3 d5 4.cxd5 Nxd5 5.d4 Nxc3 6.bxc3 g6 7.e4 Bg7 8.Qa4+ Nc6
9.Be3 O-O 10.Rd1 Bd7 11.Qa3 Qa5 12.Qxa5 Nxa5 13.Bd3 Rfc8 14.Ke2 cxd4 15.cxd4 Nc4
16.Rb1 Nxe3 17.fxe3 Rc7 18.Rhc1 Rac8 19.Rxc7 Rxc7 20.h3 b6 21.Kd2 Kf8 22.e5 f6
23.exf6 exf6 24.g4 Ke7 25.Ne1 Bc6 26.Nc2 Bh6 27.h4 Bd5 28.g5 fxg5 29.hxg5 Bf8
30.a4 Kf7 31.a5 bxa5 32.Rb5 Be6 33.Rxa5 Bb3 34.Rb5 Ba4 35.Rd5 Bb3 36.Rb5 Ba4
37.Rd5 Be7 38.Kd1 Rc3 39.Kd2 Rc7 40.Kd1 Bb4 41.Kc1 a5 42.Kb2 Bc3+ 43.Ka3 Bd7
44.Rd6 Ke7 45.Rb6 Bd2 46.Kb2 Bc6 47.Bb5 Be4 48.Ba4 Rb7 49.Rxb7+ Bxb7 50.Bb3 Be4
51.Ka3 Kd6 52.Ka4 Bc6+ 53.Ka3 Bc1+ 54.Ka2 a4 55.Bg8 Be4 56.Na3 Ke7 57.Nc4 Bd3
58.Ne5 Bc2 59.Bxh7 Bb3+ 60.Kb1 Bd2 61.Kb2 Bxe3 62.Kc3 Bd5 63.Kb4 Bxd4 64.Nxg6+ Kf7
65.Bg8+ Kxg6 66.Bxd5 Kxg5 67.Kxa4  1/2-1/2